1619 1599 1960 1419 1314 1575 1037 1630 1606 1163 1880 1172 1947 1906 1963 1285 1064 1572 1414 1990 1060 1465 1375 1284 1396 1116 1013 1727 1576 1704 1521 1120 1874 1609 1684 1015 1163 1843 1575 1518 1573 1246 1923 1547 1605 1036 1239 1711 1849 1400 1919 1276 1896 1619 1245 1442 1772 1405 1662 1192 1202 1393 1385 1555 1424 1767 1371 1424 1162 1738 1180 1226 1870 1646 1584 1798 1066 1228 1295 1687 1739 1061 1497 1376 1529 1066 1294 1661 1925 1695 1144 1295 1684 1663 1307 1698 1803 1154 1245 BCNSPRNW ULIB Ver.6.0+V

เปลี่ยนเป็นภาษาไทย

Change to English
 แสดงรายละเอียดบรรณานุกรม
  กลับหน้าหลัก

Brief Record : Get Marc (ISO 2709) : E-mail record : QR code < ปิดหน้าต่าง
LEADER : 00000nam 2200000uu 4500
001    13399129004
003     ULIB
008    250502s2567||||th 000 0 tha d
020  & ^a9786161153410
060  & ^aWY100^bอ442ค^cล.1
100 0  ^aอภิญญา เพียรพิจารณ์.
245 10 ^aคู่มือปฏิบัติการพยาบาล เล่ม 1 /^cอภิญญา เพียรพิจารณ์.
250  & ^aฉบับปรับปรุงครั้งที่ 2.
260  & ^aนนทบุรี : ^bโครงการสวัสดิการวิชาการ สถาบันพระบรมราชชนก,^c2567.
300  & ^a229 หน้า : ^bภาพประกอบ.
505 0  ^aหมวดที่ 1 การทำความสะอาดร่างกาย -- หมวดที่ 2 การทำเตียงผู้ป่วย -- หมวดที่ 3 การเคลื่อนย้ายผู้ป่วย -- หมวดที่ 4 การให้ยาและสารน้ำ -- หมวดที่ 5 การวัดสัญญาณชีพ.
650 4  ^aกระบวนการทางการพยาบาล.
710 2  ^aสถาบันพระบรมราชชนก.^bโครงการสวัสดิการวิชาการ.
945    ^p280^l0^i30436
945    ^p280^l0^i30437
945    ^p280^l0^i30438
945    ^p280^l0^i30439
945    ^p280^l0^i30440
945    ^p280^l0^i30451
945    ^p280^l0^i30452
945    ^p280^l0^i30453
945    ^p280^l0^i30454
945    ^p280^l0^i30455
999    ^aกัณชพร จุลอักษร
รายการนี้ยังไม่มีแท็ก
คุณยังไม่ได้ล็อกอิน คุณสามารถมีกิจกรรมร่วมกับเว็บไซต์ได้ แต่ต้องล็อกอินก่อน ::
  ล็อกอิน

รายการสื่อสารสนเทศ

ลำดับที่ ประเภท เลขเรียก/บาร์โค้ด สถานที่ สถานะ
1. หนังสือสำรอง
หนังสือสำรอง
WY100 อ442ค ล.1 ฉ.1 
  Barcode: 30436
ห้องสมุดวิทยาเขตนครสวรรค์
►หนังสือทั่วไป:l:General Books
บนชั้น
2. วิทยาศาสตร์การแพทย์ และสุขภาพ
วิทยาศาสตร์การแพทย์ และสุขภาพ
WY100 อ442ค ล.1 ฉ.10 
  Barcode: 30455
ห้องสมุดวิทยาเขตนครสวรรค์
►หนังสือทั่วไป:l:General Books
บนชั้น
3. วิทยาศาสตร์การแพทย์ และสุขภาพ
วิทยาศาสตร์การแพทย์ และสุขภาพ
WY100 อ442ค ล.1 ฉ.2 
  Barcode: 30437
ห้องสมุดวิทยาเขตนครสวรรค์
►หนังสือทั่วไป:l:General Books
บนชั้น
4. วิทยาศาสตร์การแพทย์ และสุขภาพ
วิทยาศาสตร์การแพทย์ และสุขภาพ
WY100 อ442ค ล.1 ฉ.3 
  Barcode: 30438
ห้องสมุดวิทยาเขตนครสวรรค์
►หนังสือทั่วไป:l:General Books
บนชั้น
5. วิทยาศาสตร์การแพทย์ และสุขภาพ
วิทยาศาสตร์การแพทย์ และสุขภาพ
WY100 อ442ค ล.1 ฉ.4 
  Barcode: 30439
ห้องสมุดวิทยาเขตนครสวรรค์
►หนังสือทั่วไป:l:General Books
บนชั้น
6. วิทยาศาสตร์การแพทย์ และสุขภาพ
วิทยาศาสตร์การแพทย์ และสุขภาพ
WY100 อ442ค ล.1 ฉ.5 
  Barcode: 30440
ห้องสมุดวิทยาเขตนครสวรรค์
►หนังสือทั่วไป:l:General Books
บนชั้น
7. วิทยาศาสตร์การแพทย์ และสุขภาพ
วิทยาศาสตร์การแพทย์ และสุขภาพ
WY100 อ442ค ล.1 ฉ.6 
  Barcode: 30451
ห้องสมุดวิทยาเขตนครสวรรค์
►หนังสือทั่วไป:l:General Books
บนชั้น
8. วิทยาศาสตร์การแพทย์ และสุขภาพ
วิทยาศาสตร์การแพทย์ และสุขภาพ
WY100 อ442ค ล.1 ฉ.7 
  Barcode: 30452
ห้องสมุดวิทยาเขตนครสวรรค์
►หนังสือทั่วไป:l:General Books
บนชั้น
9. วิทยาศาสตร์การแพทย์ และสุขภาพ
วิทยาศาสตร์การแพทย์ และสุขภาพ
WY100 อ442ค ล.1 ฉ.8 
  Barcode: 30453
ห้องสมุดวิทยาเขตนครสวรรค์
►หนังสือทั่วไป:l:General Books
บนชั้น
10. วิทยาศาสตร์การแพทย์ และสุขภาพ
วิทยาศาสตร์การแพทย์ และสุขภาพ
WY100 อ442ค ล.1 ฉ.9 
  Barcode: 30454
ห้องสมุดวิทยาเขตนครสวรรค์
►หนังสือทั่วไป:l:General Books
บนชั้น

รายการใกล้เคียง
    ชื่อเรื่อง [คู่มือปฏิบัติการพยาบาล เล่ม 1 / อภิญญา เพียรพิจารณ์.]

    ผู้แต่ง [อภิญญา เพียรพิจารณ์.]

    หัวเรื่อง [กระบวนการทางการพยาบาล.]

BibComment


ยังไม่เคยถูกคอมเมนท์

คอมเมนท์ทรัพยากรรายการนี้
  คอมเมนท์: คู่มือปฏิบัติการ..


 Copyright 2026. Bcnsprnw @Library